Federal and State Partnership for Environmental Protection Act of 2013; Reducing Excessive Deadline Obligations Act of 2013; and Federal Facility Accountability Act of 2013 : hearing before the Subcommittee on Environment and the Economy of the Committee on Energy and Commerce, House of Representatives, One Hundred Thirteenth Congress, first session, May 17 & 22, 2013.

Bibliographic Details
Corporate Author: United States. Congress. House. Committee on Energy and Commerce. Subcommittee on Environment and the Economy (Author)
Format: Government Document eBook
Language:English
Published: Washington : U.S. Government Printing Office, 2013.
Subjects:
Online Access:https://purl.fdlp.gov/GPO/gpo42157
http://purl.fdlp.gov/GPO/gpo42157

MARC

Tag First Indicator Second Indicator Subfields
LEADER 00000cam a2200000 i 4500
001 in00003429613
005 20210312124542.0
006 m o d f
007 cr b|||||a||||
008 131218s2013 dcua ob f000 0 eng c
035 |a (OCoLC)ocn865547023 
042 |a pcc 
043 |a n-us--- 
040 |a GPO  |b eng  |e rda  |e pn  |c GPO  |d GPO  |d MvI 
049 |a WWW 
050 1 4 |a KF27  |b .E55273 2013c 
074 |a 1019-C-01 (online) 
086 0 |a Y 4.C 73/8:113-43 
088 |a Serial no. 113-43 (United States. Congress. House. Committee on Energy and Commerce) 
110 1 |a United States.  |b Congress.  |b House.  |b Committee on Energy and Commerce.  |b Subcommittee on Environment and the Economy,  |e author. 
245 1 0 |a Federal and State Partnership for Environmental Protection Act of 2013; Reducing Excessive Deadline Obligations Act of 2013; and Federal Facility Accountability Act of 2013 :  |b hearing before the Subcommittee on Environment and the Economy of the Committee on Energy and Commerce, House of Representatives, One Hundred Thirteenth Congress, first session, May 17 & 22, 2013. 
264 1 |a Washington :  |b U.S. Government Printing Office,  |c 2013. 
300 |a 1 online resource (vi, 270 pages) :  |b illustrations 
336 |a text  |b txt  |2 rdacontent 
337 |a computer  |b c  |2 rdamedia 
338 |a online resource  |b cr  |2 rdacarrier 
500 |a Title from title screen (viewed on December 18, 2013). 
500 |a Paper version available for sale by the Superintendent of Documents, U.S. Government Printing Office. 
504 |a Includes bibliographical references. 
500 |a "Serial no. 113-43." 
650 0 |a Hazardous waste site remediation  |x Law and legislation  |z United States. 
650 0 |a Hazardous waste site remediation  |x Finance  |x Law and legislation  |z United States. 
650 0 |a Liability for hazardous substances pollution damages  |z United States. 
650 0 |a Administrative regulation drafting  |z United States. 
610 2 0 |a Superfund Program (U.S.) 
776 0 8 |i Print version:  |a United States. Congress. House. Committee on Energy and Commerce. Subcommittee on Environment and the Economy.  |t Federal and State Partnership for Environmental Protection Act of 2013; Reducing Excessive Deadline Obligations Act of 2013; and Federal Facility Accountability Act of 2013  |w (OCoLC)865546910 
776 0 8 |i Microfiche version:  |a United States. Congress. House. Committee on Energy and Commerce. Subcommittee on Environment and the Economy.  |t Federal and State Partnership for Environmental Protection Act of 2013; Reducing Excessive Deadline Obligations Act of 2013; and Federal Facility Accountability Act of 2013  |w (OCoLC)879642875 
856 4 0 |u https://purl.fdlp.gov/GPO/gpo42157  |t 0 
856 4 0 |u http://purl.fdlp.gov/GPO/gpo42157  |t 0 
999 f f |s dd987a5e-b8a9-3bfb-987b-234fa3878203  |i 6ca7d3cd-a3a0-3c03-ae1f-8d4058c66e7b  |t 0 
952 f f |a Texas A&M University  |b College Station  |c Electronic Resources  |d Available Online  |t 0  |e Y 4.C 73/8:113-43  |h Superintendent of Documents classification 
998 f f |a Y 4.C 73/8:113-43  |t 0  |l Available Online